Blue Öyster Cult Songs Quiz - Statistics

General Stats
  • This quiz has been taken 37 times
  • The average score is 44 of 114
Answer Stats
# Blue Öyster Cult % Correct
3 (Don't Fear) The Reaper
92%
2 Burnin' for You
80%
6 | 8 Astronomy
76%
1 Fire of Unknown Origin
76%
1 Godzilla
76%
9 I Love the Night
64%
10 Nosferatu
64%
4 Sole Survivor
64%
7 Flaming Telepaths
60%
1 Take Me Away
60%
3 Then came the Last Days of May
60%
1 Black Blade
56%
8 Cities On Flame with Rock and Roll
56%
5 Fireworks
56%
2 Golden Age of Leather
56%
2 Monsters
56%
3 Dominance and Submission
52%
4 E.T.I. (Extra Terrestrial Intelligence)
52%
8 Joan Crawford
52%
4 ME 262
52%
3 Shooting Shark
52%
3 Veteran of the Psychic Wars
52%
8 Blue Oyster Cult
48%
2 Dancin' in the Ruins
48%
5 Heavy Metal: The Black and Silver
48%
4 Perfect Water
48%
4 Stairway to the Stars
48%
7 Tattoo Vampire
48%
1 Transmaniacon MC
48%
7 After Dark
44%
3 Death Valley Nights
44%
3 Hot Rails to Hell
44%
9 Imaginos
44%
2 I'm on the Lamb but I Ain't No Sheep
44%
4 Mirrors
44%
11 The Alchemist
44%
5 The Marshall Plan
44%
1 The Red & the Black
44%
1 This Ain't the Summer of Love
44%
2 True Confessions
44%
7 Celestial the Queen
40%
4 Deadline
40%
8 Dragon Lady
40%
2 O.D.'d On Life Itself
40%
6 R. U. Ready 2 Rock
40%
4 Searchin' for Celine
40%
5 The Revenge of Vera Gemini
40%
5 The Siege and Investiture of Baron von Frankenstein's Castle at Weisseria
40%
9 Unknown Tongue
40%
6 Vengeance
40%
4 7 Screaming Diz-Busters
36%
5 Cagey Cretins
36%
1 Career of Evil
36%
10 Florida Man
36%
8 Goin' Through the Motions
36%
6 Harvester of Eyes
36%
6 Sinful Love
36%
2 Subhuman
36%
7 Teen Archer
36%
9 Tenderloin
36%
6 The Vigil
36%
4 Veins
36%
9 Workshop of the Telescopes
36%
5 Before the Kiss, a Redcap
32%
10 Debbie Denise
32%
9 Don't Turn Your Back
32%
1 Dr. Music
32%
7 Fallen Angel
32%
3 In Thee
32%
8 Lips in the Hills
32%
9 Lonely Teardrops
32%
8 Mistress of the Salmon Salt (Quicklime Girl)
32%
10 Redeemed
32%
5 Shadow of California
32%
7 She's as Beautiful as a Foot
32%
2 The Great Sun Jester
32%
1 White Flags
32%
6 Wings Wetted Down
32%
8 You're Not the One (I Was Looking For)
32%
5 Baby Ice Dog
28%
3 Divine Wind
28%
14 Fight
28%
6 Hungry Boys
28%
8 Morning Final
28%
6 Screams
28%
3 Tainted Blood
28%
2 Eyes on Fire
24%
1 I Am the One You Warned Me Of
24%
7 I Am the Storm
24%
9 Light Years of Love
24%
9 Madness to the Method
24%
3 Make Rock Not War
24%
5 Moon Crazy
24%
4 Nightmare Epiphany
24%
1 That Was Me
24%
6 Beat 'Em Up
20%
2 Box in My Head
20%
4 Del Rio's Song
20%
5 Edge of the World
20%
7 Let Go
20%
7 Magna of Illusion
20%
5 Spy in the House of the Night
20%
6 The Machine
20%
7 Train True (Lennie's Song)
20%
6 Feel the Thunder
16%
3 In the Presence of Another World
16%
2 Les Invisibles
16%
8 Shadow Warrior
16%
9 Stand and Fight
16%
8 The Return of St. Cecilia
16%
12 Secret Road
12%
13 There's a Crime
8%
7 When the War Comes Home
8%
No matching quizzes found
Score Distribution
Percent of People with Each Score
Percentile by Number Answered
Your Score History
You have not taken this quiz